| 000 | 01738cam a22003735a 4500 | ||
|---|---|---|---|
| 999 |
_c27007 _d26979 |
||
| 001 | 12854001 | ||
| 005 | 20181115140042.0 | ||
| 008 | 020713s2002 enk frb 001 0 eng d | ||
| 010 | _a 2002421957 | ||
| 015 | _aGBA2-22126 | ||
| 020 | _a9780761973638 | ||
| 035 | _a(OCoLC)ocm49395974 | ||
| 040 |
_aUKM _beng _cUKM _dKLG _dDLC _dEG-ScBUE |
||
| 042 | _alccopycat | ||
| 082 | 0 | 4 |
_a302.23 _bSTE _222 |
| 100 | 1 |
_aStevenson, Nick, _d1961- _941942 |
|
| 245 | 1 | 0 |
_aUnderstanding media cultures : _bsocial theory and mass communication / _cNick Stevenson. |
| 246 | 3 | 0 | _aMedia cultures |
| 246 | 3 | 0 | _aSocial theory and mass communication |
| 250 | _a2nd ed. | ||
| 260 |
_aLondon ; _aThousand Oaks, Calif. : _bSage Publications, _c2002. |
||
| 300 |
_avii, 255 p. ; _c25 cm. |
||
| 504 | _aIncludes bibliographical references and index. | ||
| 505 | 0 | _aIntroductionMarxism and Mass Communication ResearchHabermas, Mass Culture and the Public SphereCritical Perspectives within Audience ResearchMarshall McLuhan and the Cultural MediumBaudrillard's BlizzardsNew Media and the Information SocietyConclusion | |
| 520 | _aThe Second Edition of this bestselling text provides a comprehensive overview of the ways in which social theory has attempted to theorize the importance of the media in contemporary society. | ||
| 650 | 7 |
_aCommunication _xSocial aspects. _2BUEsh _939162 |
|
| 650 | 7 |
_aMass media _xSocial aspects. _2BUEsh _939331 |
|
| 651 | _2BUEsh | ||
| 653 |
_bCOMAME _cNovember2018 |
||
| 655 | _vReading book | ||
| 856 | 4 | 2 |
_3Publisher description _uhttp://www.loc.gov/catdir/enhancements/fy0658/2002421957-d.html |
| 856 | 4 | 1 |
_3Table of contents only _uhttp://www.loc.gov/catdir/enhancements/fy0658/2002421957-t.html |
| 942 | _2ddc | ||